000 00896nam a2200301Ia 4500
001 18742
003 IT-RoPAU
008 130308s9999 xx 000 0 und d
040 _aIT-RoPAU
040 _cIT-RoPAU
041 _aINGLESE
100 _aHaensel Vladimir
100 _gCodice Aut. SPICS: 26231
245 _aCatalysis of chemical Reactions
245 _bEncyclopaedia Britannica-1978-Yearbook Of Science And The Future
250 _a1a ed.
260 _aCHICAGO (USA)
260 _bUniversity Of Chicago
260 _c1977 [1° Ed.:1977 - Ed.Ling.Originale:1977]
300 _a"14 p. (prefazione: no ; testo: 14 [pagine: 236-249])"
500 _aReazioni Chimiche e Catalisi Struttura e Stabilità delle Molecole
650 _aENCICLOPEDIE DI CULTURA GENERALE
650 _eCodice materia Spics: 1001
942 _cBK
957 _71
999 _c38317
_d38317
999 _bSI
999 _g1